Bandeiras dos países(ONU) atualizado e misturado! - Statistics

Estatísticas Gerais
  • Esse quiz foi jogado 67 vezes
  • A pontuação média é 144 de 195
Estatísticas das Respostas
Imagem Resposta % Correto
Tailândia
94%
Uruguai
94%
Canadá
88%
China
88%
Colômbia
88%
Costa Rica
88%
Croácia
88%
Egito
88%
Nepal
88%
Sérvia
88%
Suécia
88%
Tunísia
88%
Angola
81%
Bahamas
81%
Barbados
81%
Bélgica
81%
Butão
81%
Coreia do Norte
81%
Dinamarca
81%
El Salvador
81%
Etiópia
81%
Fiji
81%
Gana
81%
Geórgia
81%
Grécia
81%
Haiti
81%
Honduras
81%
Irã
81%
Iraque
81%
Irlanda
81%
Itália
81%
Lesoto
81%
Malta
81%
Moçambique
81%
Níger
81%
Nova Zelândia
81%
Panamá
81%
Peru
81%
Portugal
81%
República Centro-Africana
81%
Romênia
81%
Rússia
81%
Somália
81%
Sri Lanka
81%
Tchéquia (República Tcheca)
81%
Uganda
81%
Vanuatu
81%
Vietnã
81%
Zâmbia
81%
Afeganistão
75%
Albânia
75%
Alemanha
75%
Argélia
75%
Argentina
75%
Armênia
75%
Áustria
75%
Bangladesh
75%
Barein
75%
Belarus (Bielorrússia)
75%
Bósnia e Herzegovina
75%
Botsuana
75%
Brasil
75%
Bulgária
75%
Camarões
75%
Camboja
75%
Catar
75%
Chade
75%
Chile
75%
Coreia do Sul
75%
Cuba
75%
Eslováquia
75%
Espanha
75%
Estados Unidos
75%
Filipinas
75%
Finlândia
75%
Granada
75%
Guatemala
75%
Guiana
75%
Guiné Equatorial
75%
Índia
75%
Indonésia
75%
Islândia
75%
Jamaica
75%
Japão
75%
Kiribati
75%
Laos
75%
Letônia
75%
Líbano
75%
Libéria
75%
Liechtenstein
75%
Lituânia
75%
Luxemburgo
75%
Macedônia do Norte
75%
Malásia
75%
Marrocos
75%
México
75%
Micronésia
75%
Mônaco
75%
Mongólia
75%
Montenegro
75%
Nauru
75%
Nicarágua
75%
Nigéria
75%
Noruega
75%
Omã
75%
Papua-Nova Guiné
75%
Paquistão
75%
Quênia
75%
Samoa
75%
San Marino
75%
Singapura
75%
Tonga
75%
Tuvalu
75%
Ucrânia
75%
Vaticano
75%
Venezuela
75%
Andorra
69%
Antígua e Barbuda
69%
Arábia Saudita
69%
Austrália
69%
Azerbaijão
69%
Belize
69%
Benim
69%
Brunei
69%
Burkina Fasso
69%
Burundi
69%
Cabo Verde
69%
Cazaquistão
69%
Comores
69%
Costa do Marfim
69%
Dominica
69%
Emirados Árabes Unidos
69%
Equador
69%
Eritreia
69%
Eslovênia
69%
Essuatíni
69%
Estônia
69%
França
69%
Gabão
69%
Hungria
69%
Jordânia
69%
Kuwait
69%
Madagascar
69%
Malaui
69%
Maldivas
69%
Maurício
69%
Moldávia
69%
Palestina
69%
Paraguai
69%
Reino Unido
69%
República Democrática do Congo
69%
República Dominicana
69%
Ruanda
69%
Santa Lúcia
69%
São Tomé e Príncipe
69%
São Vicente e Granadinas
69%
Seicheles
69%
Senegal
69%
Serra Leoa
69%
Sudão do Sul
69%
Suíça
69%
Suriname
69%
Tanzânia
69%
Timor Leste
69%
Togo
69%
Trinidad e Tobago
69%
Turquia
69%
Uzbequistão
69%
Zimbábue
69%
África do Sul
63%
Bolívia
63%
Chipre
63%
Gâmbia
63%
Guiné-Bissau
63%
Iêmen
63%
Ilhas Marshall
63%
Ilhas Salomão
63%
Israel
63%
Líbia
63%
Mali
63%
Mauritânia
63%
Mianmar
63%
Namíbia
63%
Países Baixos (Holanda)
63%
Palau
63%
Polônia
63%
Quirguistão
63%
República do Congo
63%
São Cristóvão e Nevis
63%
Síria
63%
Sudão
63%
Tajiquistão
63%
Turcomenistão
63%
Djibuti
56%
Guiné
56%
Nenhum quiz correspondente encontrado
Distribuição das Pontuações
Porcentagem de Pessoas com Cada Pontuação
Percentil de Números Respondidos
Sua Pontuação Histórica
Você não jogou esse quiz